Edafología : para la agricultura y el medio ambiente /
Guardado en:
| Autor Principal: | |
|---|---|
| Otros Autores: | , |
| Formato: | Libro |
| Publicado: |
Madrid :
Mundi-prensa,
2003
|
| Edición: | 3a. ed. |
| Materias: | |
| Etiquetas: |
Agregar Etiqueta
Sin Etiquetas, Sea el primero en etiquetar este registro!
|
| LEADER | 02117nam a22002295a 4500 | ||
|---|---|---|---|
| 001 | CEM.cems017164 | ||
| 005 | 20090818115329.0 | ||
| 008 | 130507s2003##################000#0#####d | ||
| 003 | CEMS | ||
| 020 | |a 8484761487 | ||
| 082 | 0 | 4 | |a 631.4 |
| 100 | 1 | |a Porta-casanelas, Jaime | |
| 245 | 1 | 0 | |a Edafología : |b para la agricultura y el medio ambiente / |c Jaime Porta-casanelas, Marta López Acevedo Reguerín y Carlos Roquero de Labure |
| 250 | |a 3a. ed. | ||
| 260 | |a Madrid : |b Mundi-prensa, |c 2003 | ||
| 300 | |a 929 p. | ||
| 505 | 0 | |a Evolución histórica del conocimiento edafológico: síntesis -- El suelo como ente natural: organización -- Morfología y descripción de suelos -- Estudios de suelos en el laboratorio -- Cómo se denominan los suelos: elaboración de una nomenclatura -- Textura del suelo -- Componentes inorgánicos del suelo -- Componentes orgánicos del suelo -- Reaciones de superficie: adsorción e intercambio iónico -- Acidez, basicidad y reacción del suelo -- Estructura del suelo y propiedades relacionadas -- Agua del suelo -- Propiedades hidrológicas del suelo: movimiento del agua -- Aireación del suelo -- Flujo de calor y temperatura del suelo -- Ecología del suelo -- Procesos formadores -- Factores formadores -- Soil Taxonomy -- Base de referencia mundial para los recursos de suelos: World Reference Base (WRB) -- Cartografía de suelos y sistemas de información geográfica -- Usos y aplicación de la información de suelos -- Degradación de suelos por erosión hídrica: Conservación de suelos y aguas -- Salinización y sodificacción: Suelos de regadío -- Degradación de la fertilidad física del suelo -- Degradación del territorio en zonas áridas -- Degradación de suelos y calidad ambiental -- Degradación de suelos en relación con prácticas agrícolas inadecuadas -- Degradación de suelos: áreas con actividades extractivas y mineras. Áreas periurbanas y urbanas | |
| 653 | |a EdafologÍa | ||
| 653 | |a Suelos | ||
| 700 | 1 | |a López-acevedo Reguerín, Marta | |
| 700 | 1 | |a Roquero de Laburu, Carlos | |
| 859 | |a CEMS |b BIB. CEMS - Agricultura |h 631.4 |i P83a3 |p A0890.09 |t Ej.1 | ||
